Текст томруулах:    
Angel capital (Бичлэгийн дугаар. 145332)
000 -УДИРДЛАГА
Удирдлага 00873nam a22002897a 4500
003 - ХЯНАЛТЫН ТОО ТОДОРХОЙЛОГЧ
Код MN-UlNUM
005 - БИЧИЛТ ХИЙСЭН ОГНОО
Тухайн бичилтийг бичсэн засварласан сүүлийн огноо 20251106084036.0
008 - ЕРӨНХИЙ МЭДЭЭЛЭЛ
Ерөнхий мэдээлэл 251106s2005 njuab||| |||| 001 0 eng d
020 ## - ISBN
ISBN 0471690635
040 ## - БИЧЛЭГ ҮҮСГЭГЧ БАЙГУУЛЛАГА
Бичлэг үүсгэгч номын сангийн код МУИС-ийн номын сан
084 ## - ББК АНГИЛАЛ
Нэмэлт тусгалт Нэг сэдэвт бүтээл
ББК ангилал 65.26
Зохиогчийн гурван тэмдэгт B 43
Мэдлэгийн ялгаа 65 - Эдийн засаг
100 1# - ЗОХИОГЧ
Зохиогчийн нэр Benjamin, Gerald.
245 10 - ҮНДСЭН ГАРЧИГ
Номын нэр Angel capital
Бага гарчгийн мэдээ how to raise early-stage private equity financing
Оролцогчдын тухай мэдээ Gerald Benjamin, Joel Margulis.
260 ## - ГАРАЛТЫН МЭДЭЭ
Хэвлэгдсэн газар Hoboken, N.J. :
Хэвлэлийн газар Wiley,
Хэвлэгдсэн он 2005
300 ## - МАТЕРИАЛЫН ТОДОРХОЙЛОЛТ
хуудасны тоо xxxix, 373 p. :
Бусад тоон мэдээлэл ill. ;
Хэмжээ 24 cm.
500 ## - Тайлбар
Дансны дугаар БС 1921
546 ## - ХЭЛНИЙ ТУХАЙ МЭДЭЭ
Хэл Англи хэл дээр,
653 ## - Түлхүүр үг
Түлхүүр үг angels (Investors)
653 ## - Түлхүүр үг
Түлхүүр үг venture capital
700 1# - ХАМ ЗОХИОГЧИД
Ба бус Margulis, Joel,
Dates associated with a name 1937-
740 ## - НОМЫН ГАРЧИГ
Гарчиг The Challenge
740 ## - НОМЫН ГАРЧИГ
Гарчиг The Solution: The Private Placement
740 ## - НОМЫН ГАРЧИГ
Гарчиг The Solution: A Strategy That Works
740 ## - НОМЫН ГАРЧИГ
Гарчиг Alternative Sources of Capital
942 ## - ЭЛЕМЕНТИЙН ТӨРӨЛ
Зүйлийн төрөл Ном